Sculpture : Buchholz Gallery, New York, [September 26-October 14, 1949] Buchholz Gallery, New York, [September 26-October 14, 1949]
Descripción Física:
8 pàg. : il. b/n ; 17 cm
Materias:
Escultura moderna -- S. XX -- Catàlegs
; Fons Joan Junyer i Pascual (1909-1994)
; Fulletons
Idioma:
English
MARC
| LEADER | 00000nam a22000007a 4500 | ||
|---|---|---|---|
| 001 | 24837 | ||
| 003 | AGDB | ||
| 005 | 20260324181536.0 | ||
| 008 | 251015b -us||||| |||| 00| 0 eng d | ||
| 041 | |a eng | ||
| 245 | |a Sculpture : |b Buchholz Gallery, New York, [September 26-October 14, 1949] | ||
| 260 | |a New York : |b Buchholz Gallery , |c 1949 | ||
| 300 | |a 8 pàg. : |b il. b/n ; |c 17 cm | ||
| 500 | |a Prové del fons Joan Junyer i Pascual (1909-1994) | ||
| 650 | 0 | |a Escultura moderna |x S. XX |v Catàlegs |9 38549 | |
| 650 | 0 | |a Fons Joan Junyer i Pascual (1909-1994) |9 72777 | |
| 655 | 0 | |a Fulletons |9 55858 | |
| 710 | |a Bucholz Gallery (Nova York, Nova York) |9 72491 | ||
| 710 | |a Curt Valentin Gallery (Nova York, Nova York) |9 72435 | ||
| 942 | |2 udc |c ARXIU |n 1 | ||
| 952 | |0 0 |1 0 |4 0 |6 F50476 |7 1 |9 98471 |a Arxiu |b Arxiu |d 2025-10-15 |l 0 |o F-504-76 |p 24827 |r 2025-10-15 12:02:13 |w 2025-10-15 |y ARXIU | ||
| 999 | |c 130225 |d 130225 | ||